| 000 | 00779nam a2200253 i 4500 | ||
|---|---|---|---|
| 001 | 5580 | ||
| 003 | ES-MaACL | ||
| 005 | 20240508101451.0 | ||
| 007 | t| | ||
| 008 | 881128s1987 sp ||||1| spa d | ||
| 020 | _a84-7658-045-2 | ||
| 080 | _a821.134.2-14"19" | ||
| 100 | 1 |
_aLorente, Rafael. _974108 |
|
| 245 | 1 | 0 |
_aEros y cosmos : _bantología poética / _cRafael Lorente ; prólogo de Enrique Tierno Galván. |
| 250 | _a1ª ed. | ||
| 260 |
_aBarcelona : _bAnthropos, _c1987. |
||
| 300 |
_a273 p. ; _c20 cm. |
||
| 490 | 1 |
_aÁmbitos literarios. Poesía ; _v87 |
|
| 700 | 1 |
_aTierno Galván, Enrique, _d1918-1986 _9110235 |
|
| 830 | 1 |
_aÁmbitos literarios. _pPoesía ; _v87 _9177287 |
|
| 852 | 4 |
_aES-MaACL _jL-12352 |
|
| 942 | _2udc | ||
| 999 |
_c5580 _d5580 |
||